Školiace pracovisko pre pracovníkov údržby

Salvato in:
Dettagli Bibliografici
Autore principale: Adamišín, Jakub (Autore)
Altri autori: Chovanec, Ľuboš (Relatore della tesi)
Natura: Manoscritto Libro
Lingua:slovacco
Pubblicazione: 2025
Soggetti:
Accesso online:http://is.stuba.sk/zp/portal_zp.pl?podrobnosti=184479
Tags: Aggiungi Tag
Nessun Tag, puoi essere il primo ad aggiungerne!!

MARC

LEADER 00000ntm a22000003a 4500
001 stuzp101998
003 SK-STU
005 20250614210911.4
007 ta
008 150427s2015----xo-----f-mn---000-0-slo-d
040 |a STU  |b slo 
041 0 |a slo 
100 1 |a Adamišín, Jakub  |u 031000  |4 aut  |U FEI Fakulta elektrotechniky a informatiky  |T FEI Ústav robotiky a kybernetiky  |X 111092  |U E011  |Y 356  |7 111092 
242 0 1 |a Educational Training for Maintenance Staff  |y eng 
245 1 0 |a Školiace pracovisko pre pracovníkov údržby 
260 |c 2025 
650 4 |a PLC  |2 eng 
650 4 |a KUKA robot  |2 eng 
650 4 |a Maintenance  |2 eng 
650 4 |a Training workstation  |2 eng 
650 4 |a PLC  |2 slo 
650 4 |a KUKA robot  |2 slo 
650 4 |a Údržba  |2 slo 
650 4 |a Školiace pracovisko  |2 slo 
700 1 |a Chovanec, Ľuboš  |u 031000  |k Z1  |4 ths  |U FEI Fakulta elektrotechniky a informatiky  |T FEI Ústav robotiky a kybernetiky  |X 16076  |U E011  |Y 356  |7 A000016076 
856 4 |u http://is.stuba.sk/zp/portal_zp.pl?podrobnosti=184479